000 00205 a2200097 4500
001 13810
100 _aDurell C V
245 _aGraph Book
260 _aLondon
_bG Bell & Sons Ltd
_c
090 _c10793
_d10793
942 _aNUST-CAE
_cM
_c884
999 _c248883
_d248883